MARC

Tag First Indicator Second Indicator Subfields
LEADER 00000cam a2200000Ka 4500
001 in00003501513
006 m o d
007 cr bn||||||abp
007 cr bn||||||ada
008 100630s1989 gw a ob 101 0 eng d
005 20260420212309.7
019 |a 607741829 
020 |a 9783642741524 (electronic bk.) 
020 |a 3642741525 (electronic bk.) 
020 |z 038750379X (U.S : alk. paper) 
020 |z 9780387503790 (U.S : alk. paper) 
035 |a (OCoLC)645295974  |z (OCoLC)607741829 
040 |a OCLCE  |b eng  |e pn  |c OCLCE  |d OCLCQ  |d GW5XE  |d OCLCQ  |d OCLCO  |d UtOrBLW 
042 |a dlr 
049 |a TXAM 
050 4 |a QP108.5.C4  |b N368 1988 
060 4 |a WL 200  |b N279r 1988 
070 |a QH573.N37  |b v.33 
072 0 |a X380 
082 0 4 |a 612.8/24  |2 20 
111 2 |a NATO Advanced Research Workshop on Regulatory Mechanisms of Neuron to Vessel Communication in the Brain  |d (1988 :  |c Salò, Italy) 
245 1 0 |a Regulatory mechanisms of neuron to vessel communication in the brain /  |c edited by Fiorenzo Battaini [and others]. 
264 1 |a Berlin ;  |a New York :  |b Springer-Verlag,  |c [1989] 
264 4 |c ©1989 
300 |a 1 online resource (xii, 416 pages) :  |b illustrations. 
336 |a text  |b txt  |2 rdacontent 
337 |a computer  |b c  |2 rdamedia 
338 |a online resource  |b cr  |2 rdacarrier 
490 1 |a NATO ASI series. Series H, Cell biology ;  |v vol. 33 
500 |a "Proceedings of the NATO Advanced Research Workshop on Regulatory Mechanisms of Neuron to Vessel Communication in the Brain, held in Salò, Italy, September 3-8, 1988"--Title page verso. 
500 |a "Published in cooperation with NATO Scientific Affairs Division." 
504 |a Includes bibliographical references. 
538 |a Master and use copy. Digital master created according to Benchmark for Faithful Digital Reproductions of Monographs and Serials, Version 1. Digital Library Federation, December 2002.  |u http://purl.oclc.org/DLF/benchrepro0212  |5 MiAaHDL 
583 1 |a digitized  |c 2010  |h HathiTrust Digital Library  |l committed to preserve  |2 pda  |5 MiAaHDL 
588 |a Description based on print version record. 
500 |a Electronic resource. 
650 0 |a Cerebral circulation  |v Congresses. 
650 0 |a Microcirculation  |v Congresses. 
650 0 |a Brain  |x Blood-vessels  |x Innervation  |v Congresses. 
650 0 |a Brain  |x Metabolism  |x Regulations  |v Congresses. 
650 2 |a Blood-Brain Barrier  |v Congresses. 
650 2 |a Brain  |x physiology  |v Congresses. 
650 6 |a Circulation cérébrale  |x Congrès. 
650 6 |a Microcirculation  |x Congrès. 
650 6 |a Cerveau  |x Vaisseaux sanguins  |x Innervation  |x Congrès. 
650 6 |a Cerveau  |x Métabolisme  |x Régulation  |x Congrès. 
655 7 |a Electronic books.  |2 local 
700 1 |a Battaini, Fiorenzo. 
710 2 |a SpringerLink (Online service) 
710 2 |a North Atlantic Treaty Organization.  |b Scientific Affairs Division. 
776 1 8 |i Print version:  |a NATO Advanced Research Workshop on Regulatory Mechanisms of Neuron to Vessel Communication in the Brain (1988 : Salò, Italy).  |t Regulatory mechanisms of neuron to vessel communication in the brain.  |d Berlin ; New York : Springer-Verlag, ©1989  |w (DLC) 89019666  |w (OCoLC)20055719 
830 0 |a NATO ASI series.  |n Series H,  |p Cell biology ;  |v vol. 33. 
856 4 0 |u http://proxy.library.tamu.edu/login?url=https://link.springer.com/10.1007/978-3-642-74152-4  |z Connect to the full text of this electronic book  |t 0 
994 |a 92  |b TXA 
999 |a MARS 
999 f f |s 0b3290db-7639-32d4-b804-8968fa02f7e0  |i 417abac1-8dd1-35f2-a9c2-887e878df24d  |t 0 
952 f f |a Texas A&M University  |b College Station  |c Electronic Resources  |s www_evans  |d Available Online  |t 0  |e QP108.5.C4 N368 1988  |h Library of Congress classification 
998 f f |a QP108.5.C4 N368 1988  |t 0  |l Available Online